[Event "VL 2017/18"]
[Site "Mecklenburg-Vorpommern"]
[Date "2018.04.08"]
[Round "8.6"]
[White "Ebert, Lutz"]
[Black "Lehmann, Ruben"]
[Result "1/2-1/2"]
[WhiteElo "1723"]
[BlackElo "1929"]
[PlyCount "91"]
[EventDate "2017.??.??"]
[EventType "team-tourn"]
[EventRounds "9"]
[SourceDate "2017.10.08"]
[WhiteTeam "SG Guestrow/Teterow"]
[BlackTeam "SAV Torgelow"]

1. Nf3 d5 2. b4 c6 3. a4 e6 4. b5 c5 5. c4 Nf6 6. Bb2 Bd6 7. e3 O-O 8. Be2 dxc4
9. Bxc4 Nbd7 10. O-O Qc7 11. h3 b6 12. Be2 Bb7 13. d4 Rad8 14. Nbd2 cxd4 15.
Nxd4 Bb4 16. Rc1 Nc5 17. Bc3 Bxc3 18. Rxc3 e5 19. N4b3 Nfe4 20. Rc2 Qe7 21.
Nxc5 bxc5 22. Qc1 Nxd2 23. Rxd2 Qg5 24. g3 Qf5 25. Kh2 Qe4 26. Rg1 Rxd2 27.
Qxd2 Qxa4 28. Qc3 Qa2 29. Qc4 Qb2 30. Rc1 Rd8 31. Rc2 Qb1 32. Rc1 Qf5 33. f4
Rd2 34. Re1 Rc2 35. g4 Rxc4 36. gxf5 Rc2 37. Kg3 exf4+ 38. Kxf4 f6 39. Rd1 Rxe2
40. Rd8+ Kf7 41. Rd7+ Kf8 42. Rxb7 Rb2 43. Ke4 Ra2 44. Kd5 Ra3 45. e4 Ra4 46.
Rb8+ 1/2-1/2

[Event "VL 2017/18"]
[Site "Mecklenburg-Vorpommern"]
[Date "2018.04.08"]
[Round "8.7"]
[White "Troemer, Felix"]
[Black "Armbruester, Clemens"]
[Result "1/2-1/2"]
[WhiteElo "1553"]
[BlackElo "1706"]
[PlyCount "34"]
[EventDate "2017.??.??"]
[EventType "team-tourn"]
[EventRounds "9"]
[SourceDate "2017.10.08"]
[WhiteTeam "SAV Torgelow"]
[BlackTeam "SG Guestrow/Teterow"]

1. e4 c5 2. Nf3 d6 3. d4 cxd4 4. Nxd4 Nf6 5. Nc3 g6 6. Bc4 Bg7 7. Bb3 Bd7 8. f3
Nc6 9. Be3 O-O 10. Qd2 Nxd4 11. Bxd4 Rc8 12. O-O-O b5 13. Rdg1 b4 14. Nd5 Nxd5
15. Bxg7 Kxg7 16. Qxd5 a5 17. g4 Rc5 1/2-1/2

[Event "VL 2017/18"]
[Site "Mecklenburg-Vorpommern"]
[Date "2018.04.08"]
[Round "8.8"]
[White "Joers, Pia Milena"]
[Black "Massloch, Philipp"]
[Result "0-1"]
[WhiteElo "1623"]
[BlackElo "1628"]
[PlyCount "54"]
[EventDate "2017.??.??"]
[EventType "team-tourn"]
[EventRounds "9"]
[SourceDate "2017.10.08"]
[WhiteTeam "SG Guestrow/Teterow"]
[BlackTeam "SAV Torgelow"]

1. d4 Nf6 2. c4 g6 3. Nc3 d5 4. e3 Bg7 5. cxd5 Nxd5 6. Qb3 Nxc3 7. bxc3 O-O 8.
Nf3 c5 9. Ba3 b6 10. dxc5 bxc5 11. Bxc5 Qc7 12. Qa3 Nd7 13. Bb4 a5 14. Rc1 axb4
15. Qxa8 Bxc3+ 16. Nd2 Nb6 17. Qf3 Rd8 18. Rc2 Bb7 19. e4 Qd6 20. Qe3 Bxe4 21.
Qxe4 Bxd2+ 22. Ke2 Nd5 23. Kf3 Qf6+ 24. Kg3 Nc3 25. Qh4 Qe5+ 26. f4 Be1+ 27.
Rf2 Qe3+ 0-1

[Event "VL 2017/18"]
[Site "Mecklenburg-Vorpommern"]
[Date "2018.04.08"]
[Round "8.1"]
[White "Schumacher, Ole"]
[Black "Mildner, Jens"]
[Result "0-1"]
[WhiteElo "1835"]
[BlackElo "2038"]
[PlyCount "100"]
[EventDate "2017.??.??"]
[EventType "team-tourn"]
[EventRounds "9"]
[SourceDate "2017.10.08"]
[WhiteTeam "SF Schwerin III"]
[BlackTeam "Greifswalder SV II"]

1. d4 d5 2. c4 c6 3. Nf3 Nf6 4. Qc2 e6 5. g3 Be7 6. Bg2 Nbd7 7. O-O O-O 8. Nc3
b6 9. cxd5 cxd5 10. Bf4 Nh5 11. Bd2 Bb7 12. Rfc1 Rc8 13. Qa4 a6 14. Ne5 b5 15.
Qb3 Nhf6 16. Nd1 Qb6 17. e3 Nxe5 18. dxe5 Nd7 19. Bc3 Nc5 20. Qc2 b4 21. Bd4
Qa5 22. Qd2 Ne4 23. Bxe4 dxe4 24. b3 Qd5 25. Nb2 Rc6 26. Rxc6 Bxc6 27. Rc1 Bb5
28. Qc2 Rd8 29. Qc7 Bf8 30. Qb6 g6 31. Nc4 Qd7 32. Nd2 Rc8 33. Rd1 Bd3 34. Nc4
Bxc4 35. bxc4 Rxc4 36. Qxa6 Qc8 37. Qxc8 Rxc8 38. Rd2 Ra8 39. Kg2 Ra3 40. g4 g5
41. Kf1 Be7 42. Ke2 b3 43. axb3 Rxb3 44. Rc2 Rb1 45. f3 Rh1 46. Rc8+ Kg7 47.
fxe4 Rxh2+ 48. Kf3 Bb4 49. Bb6 Be1 50. Bc5 Bh4 0-1

[Event "VL 2017/18"]
[Site "Mecklenburg-Vorpommern"]
[Date "2018.04.08"]
[Round "8.2"]
[White "Schwahn, Christian"]
[Black "Kross, Gunnar"]
[Result "1-0"]
[WhiteElo "1950"]
[BlackElo "1970"]
[PlyCount "125"]
[EventDate "2017.??.??"]
[EventType "team-tourn"]
[EventRounds "9"]
[SourceDate "2017.10.08"]
[WhiteTeam "Greifswalder SV II"]
[BlackTeam "SF Schwerin III"]

1. d4 c6 2. c4 Nf6 3. Nc3 d5 4. cxd5 cxd5 5. g3 Nc6 6. Bg2 Bf5 7. Nf3 e6 8. O-O
Rc8 9. a3 Bd6 10. Nh4 Bg6 11. Nxg6 hxg6 12. e4 dxe4 13. Nxe4 O-O 14. b4 Bb8 15.
Bb2 Nd5 16. h4 Nce7 17. Qe2 b6 18. Rac1 Qd7 19. Ng5 Nf6 20. b5 Rfd8 21. Rfd1
Ned5 22. Bh3 Rxc1 23. Rxc1 Nc7 24. a4 Re8 25. Rc6 Nh7 26. Nf3 Qd5 27. Ne5 Nf6
28. Qc2 Qd8 29. Rc4 Ncd5 30. Nc6 Qd7 31. Nxb8 Rxb8 32. Ba3 Rd8 33. Bg2 Rb8 34.
Bf3 Rd8 35. Rc6 Ne8 36. a5 Nef6 37. axb6 axb6 38. Rd6 Qe8 39. Rxd8 Qxd8 40. Qc6
Qe8 41. Bd6 Qxc6 42. bxc6 Ne8 43. Be5 Ndc7 44. Kf1 f6 45. Bf4 Kf7 46. Ke2 Ke7
47. Be4 Nb5 48. Kd3 Ned6 49. Bxg6 Na7 50. c7 Kd7 {(=)} 51. g4 Kxc7 52. h5 Nc6
53. Bxd6+ Kxd6 54. Be8 Kd5 55. Bxc6+ Kxc6 56. f4 Kd6 57. g5 Ke7 58. g6 b5 59.
Kc3 e5 60. dxe5 fxe5 61. fxe5 Ke6 62. Kb4 Kxe5 63. h6 1-0

[Event "VL 2017/18"]
[Site "Mecklenburg-Vorpommern"]
[Date "2018.04.08"]
[Round "8.3"]
[White "Fischer, Torsten"]
[Black "Sowada, Christoph"]
[Result "1/2-1/2"]
[WhiteElo "1955"]
[BlackElo "1911"]
[PlyCount "38"]
[EventDate "2017.??.??"]
[EventType "team-tourn"]
[EventRounds "9"]
[SourceDate "2017.10.08"]
[WhiteTeam "SF Schwerin III"]
[BlackTeam "Greifswalder SV II"]

1. f4 e5 2. fxe5 Nc6 3. Nf3 d6 4. exd6 Bxd6 5. d4 Nf6 6. Nc3 Bg4 7. Bg5 Bxf3 8.
gxf3 Nxd4 9. e3 Ne6 10. Bh4 c6 11. Qe2 Qa5 12. Bxf6 gxf6 13. Qc4 Qb6 14. Kf2
Qxb2 15. Bd3 Qb4 16. Ne4 O-O-O 17. Nxd6+ Qxd6 18. Rab1 Nc5 19. Bf5+ Kb8 1/2-1/2

[Event "VL 2017/18"]
[Site "Mecklenburg-Vorpommern"]
[Date "2018.04.08"]
[Round "8.4"]
[White "Hertel, Johannes"]
[Black "Kupfernagel, Michael"]
[Result "0-1"]
[WhiteElo "1895"]
[BlackElo "1935"]
[PlyCount "116"]
[EventDate "2017.??.??"]
[EventType "team-tourn"]
[EventRounds "9"]
[SourceDate "2017.10.08"]
[WhiteTeam "Greifswalder SV II"]
[BlackTeam "SF Schwerin III"]

1. d4 Nf6 2. c4 c5 3. Nf3 g6 4. g3 Bg7 5. Bg2 O-O 6. O-O d6 7. Nc3 Nc6 8. d5
Na5 9. Nd2 Ng4 10. Qc2 a6 11. Rb1 Rb8 12. a3 Qc7 13. Na2 b6 14. b4 Nb7 15. Bb2
Nf6 16. Rfc1 Bd7 17. Nb3 Ba4 18. Nc3 Bd7 19. e4 cxb4 20. axb4 Rfc8 21. Nd1 a5
22. b5 Bxb5 23. Bh3 Bd7 24. Bxd7 Qxd7 25. Nd4 Nd8 26. Qd3 Nb7 27. Nc6 Ra8 28.
Qe2 e5 29. Ba3 Nd8 30. Nxd8 Qxd8 31. Nc3 Bf8 32. Na4 Rab8 33. Rc2 Qc7 34. Rb5
Nd7 35. Kg2 Be7 36. h3 Kg7 37. Kh2 Rf8 38. f4 Rfe8 39. Qe3 Kg8 40. f5 Kg7 41.
g4 h6 42. Qf3 Bg5 43. Bb2 Nc5 44. Nc3 Bf4+ 45. Kg2 gxf5 46. Ne2 Bg5 47. Qxf5
Nd3 48. Qf1 Kg8 49. Ng3 Nf4+ 50. Kh1 Rec8 51. Bc1 Qd7 52. Rbb2 Qa4 53. Bxf4
exf4 54. Nf5 b5 55. Nxd6 Rc7 56. Nxb5 Rxb5 57. Rxb5 Qxc2 58. Qa1 Rxc4 0-1

[Event "VL 2017/18"]
[Site "Mecklenburg-Vorpommern"]
[Date "2018.04.08"]
[Round "8.5"]
[White "Goertz, Frank"]
[Black "Dombrowski, Frank"]
[Result "0-1"]
[WhiteElo "1869"]
[BlackElo "1956"]
[PlyCount "78"]
[EventDate "2017.??.??"]
[EventType "team-tourn"]
[EventRounds "9"]
[SourceDate "2017.10.08"]
[WhiteTeam "SF Schwerin III"]
[BlackTeam "Greifswalder SV II"]

1. e4 c6 2. d4 d5 3. Nc3 dxe4 4. Nxe4 Nf6 5. Nxf6+ gxf6 6. Bf4 Bf5 7. Nf3 e6 8.
Bd3 Bg6 9. O-O Bd6 10. Bxd6 Qxd6 11. Re1 Nd7 12. Qe2 Bh5 13. c3 O-O-O 14. Qe3
Bxf3 15. Qxf3 h5 16. b4 f5 17. b5 Qd5 18. bxc6 Qxc6 19. Qxc6+ bxc6 20. Rab1 Kc7
21. Rb3 Rb8 22. Reb1 Rb6 23. Kf1 Rhb8 24. Ke2 Nf6 25. c4 Rd8 26. c5 Rxb3 27.
Rxb3 Rxd4 28. Ba6 Rd7 29. f3 Kd8 30. Rb8+ Ke7 31. Rc8 Nd5 32. a3 Rc7 33. Rh8
Kf6 34. Kf2 Kg6 35. Kg3 Nf6 36. Bc8 Kg7 37. Rd8 Ng8 38. Kf4 Ne7 39. Ba6 Ng6+ {
ZÜ} 0-1

[Event "VL 2017/18"]
[Site "Mecklenburg-Vorpommern"]
[Date "2018.04.08"]
[Round "8.6"]
[White "Fromm, Marius"]
[Black "Helms, Sven"]
[Result "1/2-1/2"]
[WhiteElo "1787"]
[BlackElo "1884"]
[PlyCount "120"]
[EventDate "2017.??.??"]
[EventType "team-tourn"]
[EventRounds "9"]
[SourceDate "2017.10.08"]
[WhiteTeam "Greifswalder SV II"]
[BlackTeam "SF Schwerin III"]

1. Nf3 Nf6 2. c4 e6 3. g3 d5 4. Bg2 Be7 5. O-O O-O 6. b3 c5 7. Bb2 Nc6 8. e3 b6
9. Nc3 Bb7 10. cxd5 exd5 11. d4 Re8 12. Rc1 cxd4 13. Nxd4 Nxd4 14. Qxd4 Bc5 15.
Qd3 Qd7 16. Rfd1 Rad8 17. Ne2 Qe7 18. Bd4 Ba3 19. Rc2 Ne4 20. Nf4 Rc8 21. Rxc8
Rxc8 22. Ba1 Nc5 23. Nxd5 Nxd3 24. Nxe7+ Bxe7 25. Bxb7 Rc1 26. Bf3 Ba3 27. Rxc1
Nxc1 28. Be5 Nxa2 29. Bb8 a5 30. Kf1 Kf8 31. Bd5 Nc3 32. Bc6 f6 33. Bc7 Bc5 34.
g4 Ke7 35. h4 Na2 36. g5 Nb4 37. Be4 fxg5 38. hxg5 g6 39. Ke2 Na6 40. Be5 Bd6
41. Bf6+ Kf8 42. Bd5 Nc7 43. Bc6 Ne6 44. f4 Nc5 45. Bd5 a4 46. bxa4 Nxa4 47.
Kd3 Bb4 48. Bd4 Bc5 49. Be5 Bb4 50. Kc4 Bd2 51. Bd4 Nc5 52. Kb5 Nd3 53. Kxb6
Nxf4 54. exf4 Bxf4 55. Bf6 h6 56. gxh6 Bxh6 57. Kc6 Bg7 58. Bg5 Bb2 59. Kd7 Kg7
60. Ke7 Bc3 1/2-1/2

[Event "VL 2017/18"]
[Site "Mecklenburg-Vorpommern"]
[Date "2018.04.08"]
[Round "8.7"]
[White "Voll, Andreas"]
[Black "Grehl, Tino"]
[Result "1/2-1/2"]
[WhiteElo "1819"]
[BlackElo "1869"]
[PlyCount "85"]
[EventDate "2017.??.??"]
[EventType "team-tourn"]
[EventRounds "9"]
[SourceDate "2017.10.08"]
[WhiteTeam "SF Schwerin III"]
[BlackTeam "Greifswalder SV II"]

1. e4 c5 2. Nf3 Nc6 3. d4 cxd4 4. Nxd4 Nf6 5. Nxc6 bxc6 6. Nc3 d6 7. Be2 g6 8.
O-O Bg7 9. Re1 O-O 10. Bf3 Nd7 11. Be3 Ba6 12. Rb1 Ne5 13. Be2 Bxe2 14. Qxe2
Qc7 15. Na4 Rab8 16. c4 Rb4 17. b3 Rfb8 18. Rbc1 c5 19. Red1 Nc6 20. Nc3 e6 21.
Nb5 Qe7 22. Qd3 R4xb5 23. cxb5 Nd4 24. Bxd4 Bxd4 25. b4 Rf8 26. bxc5 dxc5 27.
Rc2 Rd8 28. Qf3 Qd7 29. Rb1 Rb8 30. Qe2 Qd6 31. g3 h5 32. Kg2 Qb6 33. Rb3 Kg7
34. Qc4 Qb7 35. f3 h4 36. Rd2 Qb6 37. Re2 Rh8 38. g4 h3+ 39. Kf1 Qd6 40. a4 Qf4
41. a5 Rd8 42. Rd3 Qe5 43. Rc2 1/2-1/2

[Event "VL 2017/18"]
[Site "Mecklenburg-Vorpommern"]
[Date "2018.04.08"]
[Round "8.8"]
[White "Nauschuetz, Ernst"]
[Black "Jaeschke, Jonathan"]
[Result "0-1"]
[WhiteElo "1849"]
[BlackElo "1266"]
[PlyCount "164"]
[EventDate "2017.??.??"]
[EventType "team-tourn"]
[EventRounds "9"]
[SourceDate "2017.10.08"]
[WhiteTeam "Greifswalder SV II"]
[BlackTeam "SF Schwerin III"]

1. c4 Nf6 2. g3 g6 3. Bg2 Bg7 4. Nc3 O-O 5. e4 d6 6. Nge2 Nc6 7. O-O a6 8. h3
Rb8 9. b3 b6 10. Bb2 Bb7 11. d4 e5 12. d5 Nd4 13. Nxd4 exd4 14. Ne2 c5 15. dxc6
Bxc6 16. f3 b5 17. Nxd4 bxc4 18. Nxc6 Qb6+ 19. Nd4 Nd7 20. Kh2 Nc5 21. Qd2 Nd3
22. Bc3 Bxd4 23. bxc4 Bxc3 24. Qxc3 Nc5 25. Rf2 Qb4 26. Qxb4 Rxb4 27. Bf1 Rfb8
28. Rd1 Rb2 29. Rdd2 Rxd2 30. Rxd2 Rb6 31. Kg2 Kf8 32. Kf2 Ke7 33. Ke3 Rb1 34.
Be2 Rh1 35. h4 Rg1 36. Kf2 Rb1 37. Bd1 Rc1 38. Be2 Rc3 39. g4 Rc1 40. Kg2 h6
41. Bf1 Rc3 42. Kf2 Rc1 43. Rb2 Rc3 44. Be2 Rc1 45. Rd2 Rc3 46. h5 g5 47. Ke1
Rc1+ 48. Rd1 Rc2 49. Ra1 Ke6 50. Kd1 Rb2 51. Ke1 Na4 52. Bd1 Nc3 53. Bb3 Ke5
54. Rc1 Kd4 55. Rc2 Rxc2 56. Bxc2 Ke3 57. e5 dxe5 58. Bg6 f6 59. c5 Kxf3 60. c6
Nb5 61. a4 Nc7 62. Bf5 Ke3 63. Kd1 Kd4 64. Kd2 Kc5 65. Be4 Kd6 66. Kc3 Ne6 67.
Kb4 Kc7 68. Kc4 Kd6 69. Kb4 Nc7 70. Kc4 Na8 71. Kb4 Nb6 72. Ka5 Kc7 73. Bg2
Nc4+ 74. Kxa6 Nd6 75. Ka5 e4 76. Kb4 Kxc6 77. a5 Kc7 78. Kc5 e3 79. Bf1 f5 80.
Be2 f4 81. Kd5 Nb5 82. Bxb5 f3 0-1

[Event "VL 2017/18"]
[Site "Mecklenburg-Vorpommern"]
[Date "2018.04.08"]
[Round "8.2"]
[White "Rossmann, Andreas"]
[Black "Ruesch, Hans Joachim"]
[Result "1/2-1/2"]
[WhiteElo "1942"]
[BlackElo "1998"]
[PlyCount "65"]
[EventDate "2017.??.??"]
[EventType "team-tourn"]
[EventRounds "9"]
[SourceDate "2017.10.08"]
[WhiteTeam "SG Neubrandenburg"]
[BlackTeam "SFO Warnemuende"]

1. Nf3 g6 2. g3 Bg7 3. Bg2 Nf6 4. O-O O-O 5. c4 d6 6. d4 Nbd7 7. Nc3 e5 8. e4
c6 9. h3 exd4 10. Nxd4 Qb6 11. Nb3 Ne5 12. c5 dxc5 13. Be3 Nfd7 14. Na4 Qc7 15.
Nbxc5 Nxc5 16. Bxc5 Rd8 17. Qc2 Be6 18. f4 Nc4 19. Rad1 b6 20. Bf2 Rxd1 21.
Rxd1 Rd8 22. b3 Rxd1+ 23. Qxd1 Nd6 24. Qd3 f5 25. e5 Ne4 26. Bxe4 fxe4 27. Qxe4
Bxh3 28. Qc4+ Kf8 29. Nc3 Qd7 30. Ne4 Be6 31. Qd4 Bd5 32. Nc3 Be6 33. Ne4
1/2-1/2

[Event "VL 2017/18"]
[Site "Mecklenburg-Vorpommern"]
[Date "2018.04.08"]
[Round "8.3"]
[White "Hamann, Dirk"]
[Black "Hartung, Lothar"]
[Result "1/2-1/2"]
[WhiteElo "1888"]
[BlackElo "1777"]
[PlyCount "54"]
[EventDate "2017.??.??"]
[EventType "team-tourn"]
[EventRounds "9"]
[SourceDate "2017.10.08"]
[WhiteTeam "SFO Warnemuende"]
[BlackTeam "SG Neubrandenburg"]

1. e4 c5 2. Nf3 e6 3. d4 cxd4 4. Nxd4 a6 5. Nc3 Nc6 6. Be2 Nge7 7. O-O Nxd4 8.
Qxd4 Nc6 9. Qd1 Be7 10. Be3 b5 11. f4 O-O 12. Bf3 Bb7 13. g4 Qc7 14. Ne2 Rad8
15. Ng3 Na5 16. Qe2 d5 17. e5 Nc4 18. Bc1 Bc5+ 19. Kh1 d4 20. Ne4 Bxe4 21. Bxe4
Ne3 22. Bxe3 dxe3 23. Rad1 Rxd1 24. Rxd1 Rd8 25. Rd3 Rxd3 26. Qxd3 h6 27. Kg2
f6 1/2-1/2

[Event "VL 2017/18"]
[Site "Mecklenburg-Vorpommern"]
[Date "2018.04.08"]
[Round "8.4"]
[White "Stoevesand, Peter"]
[Black "Staben, Norbert"]
[Result "1-0"]
[WhiteElo "1901"]
[BlackElo "1706"]
[PlyCount "55"]
[EventDate "2017.??.??"]
[EventType "team-tourn"]
[EventRounds "9"]
[SourceDate "2017.10.08"]
[WhiteTeam "SG Neubrandenburg"]
[BlackTeam "SFO Warnemuende"]

1. e4 g6 2. d4 Bg7 3. Nf3 d6 4. Be3 Nf6 5. Nc3 O-O 6. Qd2 a6 7. Rd1 b5 8. a3
Bb7 9. Bd3 Nbd7 10. O-O c5 11. d5 c4 12. Be2 Ng4 13. Nd4 Nxe3 14. Qxe3 Rc8 15.
Na2 Nc5 16. c3 Qd7 17. f4 Qc7 18. Bg4 Rce8 19. f5 Bxd4 20. cxd4 Nd7 21. Nc3 Nf6
22. Bh3 Qb6 23. g4 a5 24. g5 Nh5 25. Bg4 e5 26. fxe6 fxe6 27. Bxe6+ Kh8 28. Bd7
1-0

[Event "VL 2017/18"]
[Site "Mecklenburg-Vorpommern"]
[Date "2018.04.08"]
[Round "8.5"]
[White "Fenske, Harald"]
[Black "Baier, Karsten"]
[Result "0-1"]
[WhiteElo "1616"]
[BlackElo "1868"]
[PlyCount "68"]
[EventDate "2017.??.??"]
[EventType "team-tourn"]
[EventRounds "9"]
[SourceDate "2017.10.08"]
[WhiteTeam "SFO Warnemuende"]
[BlackTeam "SG Neubrandenburg"]

1. e4 d6 2. d4 Nd7 3. Nf3 Ngf6 4. Nc3 e5 5. d5 Be7 6. Be2 O-O 7. O-O Nc5 8. Nd2
a6 9. b4 Ncd7 10. Nb3 b6 11. Be3 Re8 12. f4 exf4 13. Bxf4 Ne5 14. Nd4 Bd7 15.
a4 Ng6 16. Bg3 Bf8 17. Bf3 Qc8 18. Re1 Ng4 19. b5 N4e5 20. Be2 a5 21. Rb1 f5
22. exf5 Bxf5 23. Nxf5 Qxf5 24. Rf1 Qg5 25. Qd4 Nd7 26. Rf3 Nc5 27. Rbf1 Qe7
28. Bd3 Ne5 29. Re3 g6 30. Qf4 Bg7 31. Ne2 Rf8 32. Qh4 Rxf1+ 33. Kxf1 Qf7+ 34.
Kg1 Rf8 0-1

[Event "VL 2017/18"]
[Site "Mecklenburg-Vorpommern"]
[Date "2018.04.08"]
[Round "8.6"]
[White "Witkowski, Rainer"]
[Black "Schmidt, Reinhard"]
[Result "0-1"]
[WhiteElo "1849"]
[BlackElo "1773"]
[PlyCount "94"]
[EventDate "2017.??.??"]
[EventType "team-tourn"]
[EventRounds "9"]
[SourceDate "2017.10.08"]
[WhiteTeam "SG Neubrandenburg"]
[BlackTeam "SFO Warnemuende"]

1. e4 d5 2. exd5 Nf6 3. Nf3 Nxd5 4. d4 Bg4 5. Bb5+ c6 6. Be2 g6 7. h3 Bxf3 8.
Bxf3 Bg7 9. O-O O-O 10. Nc3 e6 11. Ne4 Qb6 12. c3 Nd7 13. Ng3 Rac8 14. h4 Rfe8
15. h5 N7f6 16. hxg6 hxg6 17. Re1 Qc7 18. Qb3 Ne7 19. Nf1 Nf5 20. g3 Bh6 21. g4
Nh4 22. c4 Nxf3+ 23. Qxf3 Bxc1 24. Raxc1 Nh7 25. Rc3 Qd8 26. d5 cxd5 27. cxd5
Rxc3 28. bxc3 exd5 29. Rxe8+ Qxe8 30. Qxd5 Qc8 31. Qd4 b6 32. Ne3 Ng5 33. Qf6
Ne4 34. Qe7 Nxc3 35. Qxa7 Ne2+ 36. Kh2 Qc1 37. Kg2 Qc6+ 38. Kf1 Nc3 39. Kg1
Ne2+ 40. Kf1 Qb5 41. Kg2 Qc6+ 42. Kf1 Ng3+ 43. Ke1 Qc3+ 44. Kd1 Qd3+ 45. Kc1
Ne2+ 46. Kb2 Qc3+ 47. Kb1 Qc1# 0-1

[Event "VL 2017/18"]
[Site "Mecklenburg-Vorpommern"]
[Date "2018.04.08"]
[Round "8.7"]
[White "Vladov, Mark"]
[Black "Winkler, Karl"]
[Result "1/2-1/2"]
[WhiteElo "1615"]
[BlackElo "1829"]
[PlyCount "84"]
[EventDate "2017.??.??"]
[EventType "team-tourn"]
[EventRounds "9"]
[SourceDate "2017.10.08"]
[WhiteTeam "SFO Warnemuende"]
[BlackTeam "SG Neubrandenburg"]

1. c4 Nf6 2. g3 e6 3. Nc3 d5 4. Bg2 d4 5. Ne4 Nxe4 6. Bxe4 e5 7. d3 Bb4+ 8. Bd2
Bxd2+ 9. Qxd2 c6 10. Bg2 a5 11. f4 f6 12. fxe5 fxe5 13. Nf3 Qe7 14. O-O O-O 15.
Ng5 Nd7 16. Rxf8+ Nxf8 17. Rf1 Qb4 18. Qc2 Be6 19. a3 Qe7 20. Ne4 c5 21. Qc1
Rb8 22. Ng5 h6 23. Nxe6 Nxe6 24. Bd5 Kh8 25. Rf5 Qd6 26. Qf1 b6 27. Qf3 Rd8 28.
Qe4 Nc7 29. Rxe5 Nxd5 30. Rxd5 Qc7 31. Qe6 Rf8 32. Rd7 Qc8 33. Qe7 Rg8 34. Rc7
Qe8 35. Kg2 Qa8+ 36. Kh3 Qh1 37. Rd7 Qf1+ 38. Kg4 Qf2 39. Rd8 Qxh2 40. Rxg8+
Kxg8 41. Qe6+ Kf8 42. Qf5+ Kg8 1/2-1/2

[Event "VL 2017/18"]
[Site "Mecklenburg-Vorpommern"]
[Date "2018.04.08"]
[Round "8.8"]
[White "Leisner, Ekkehardt"]
[Black "Warmuth, Ruediger"]
[Result "0-1"]
[WhiteElo "1779"]
[BlackElo "1393"]
[PlyCount "98"]
[EventDate "2017.??.??"]
[EventType "team-tourn"]
[EventRounds "9"]
[SourceDate "2017.10.08"]
[WhiteTeam "SG Neubrandenburg"]
[BlackTeam "SFO Warnemuende"]

1. c4 c5 2. Nc3 Nc6 3. g3 e6 4. Bg2 Nf6 5. e4 d6 6. Nge2 e5 7. O-O Be7 8. d3
O-O 9. h3 Ne8 10. Nd5 Nc7 11. Nxc7 Qxc7 12. a3 a5 13. Nc3 Be6 14. Be3 Qd7 15.
Kh2 Nd4 16. f4 f6 17. f5 Bf7 18. a4 Nc6 19. g4 g5 20. fxg6 hxg6 21. Qd2 g5 22.
Nd5 Bxd5 23. exd5 Nd4 24. Bxd4 cxd4 25. Be4 Kg7 26. Kg3 Rh8 27. Rh1 Rh4 28. Bf5
Qc7 29. Qe2 Rah8 30. Qf3 Bd8 31. Be4 Qd7 32. b3 b6 33. Bf5 Qf7 34. Qe2 R8h6 35.
Rh2 Qf8 36. Rah1 Qe7 37. Qd2 Qc7 38. b4 axb4 39. Qxb4 Qc5 40. Qxc5 dxc5 41. Rb1
Bc7 42. a5 e4+ 43. Kg2 Bxh2 44. axb6 Rxh3 45. Rh1 Rg3+ 46. Kf2 Rf3+ 47. Kg2
Rg3+ 48. Kf2 e3+ 49. Ke1 Rg2 0-1

[Event "VL 2017/18"]
[Site "Mecklenburg-Vorpommern"]
[Date "2018.04.08"]
[Round "8.1"]
[White "Mangold, Thomas"]
[Black "Kliewe, Hans Juergen"]
[Result "1-0"]
[WhiteElo "2002"]
[BlackElo "2004"]
[PlyCount "138"]
[EventDate "2017.??.??"]
[EventType "team-tourn"]
[EventRounds "9"]
[SourceDate "2017.10.08"]
[WhiteTeam "SSC Rostock 07"]
[BlackTeam "ASV Wismar"]

1. d4 d5 2. c4 c6 3. Nf3 Nf6 4. Nc3 dxc4 5. a4 Bf5 6. Ne5 Nbd7 7. Nxc4 Nb6 8.
Ne5 e6 9. f3 Bb4 10. e4 Bg6 11. Be3 O-O 12. Be2 Nbd7 13. Nd3 Ba5 14. O-O Re8
15. Qb3 Bb6 16. a5 Bxa5 17. Qxb7 Qb6 18. Qxb6 Bxb6 19. Na4 Rab8 20. Rfc1 Rec8
21. Rc2 Rb7 22. Rac1 Nb8 23. Ne5 Rbc7 24. Nxb6 axb6 25. Bf4 Nfd7 26. Nxg6 hxg6
27. Bxc7 Rxc7 28. Ra1 Kf8 29. b4 Ke7 30. Kf2 g5 31. Rca2 c5 32. Rc1 Nc6 33.
dxc5 Nxb4 34. Rb2 Rxc5 35. Ra1 Nc6 36. Bb5 Nde5 37. Ra6 Nd7 38. Bxc6 Rxc6 39.
Ra7 Rd6 40. Rb5 Kf6 41. Rb7 Kg6 42. g3 f6 43. Ke2 Rd4 44. Rb2 g4 45. Ke3 e5 46.
fxg4 Nc5 47. R7xb6 Rxe4+ 48. Kf3 Rc4 49. Rc6 Rc3+ 50. Ke2 Kg5 51. Rb4 Rb3 52.
h4+ Kg6 53. Rxb3 Nxb3 54. Ke3 Nd4 55. Rd6 Kf7 56. Rxd4 exd4+ 57. Kxd4 Ke7 58.
h5 Kd6 59. Ke4 Ke6 60. Kf4 Ke7 61. Kf5 Kf7 62. g5 fxg5 63. Kxg5 Kg8 64. Kg6 Kh8
65. g4 Kg8 66. g5 Kh8 67. Kf7 g6 68. Kxg6 Kg8 69. Kf6 Kf8 1-0

[Event "VL 2017/18"]
[Site "Mecklenburg-Vorpommern"]
[Date "2018.04.08"]
[Round "8.2"]
[White "Stutz, Reno"]
[Black "Pererva, Viktor"]
[Result "1/2-1/2"]
[WhiteElo "1967"]
[BlackElo "2022"]
[PlyCount "67"]
[EventDate "2017.??.??"]
[EventType "team-tourn"]
[EventRounds "9"]
[SourceDate "2017.10.08"]
[WhiteTeam "ASV Wismar"]
[BlackTeam "SSC Rostock 07"]

1. d4 d5 2. Nf3 Nf6 3. e3 Bg4 4. Bd3 Nbd7 5. h3 Bxf3 6. gxf3 e5 7. dxe5 Nxe5 8.
Nc3 Nxd3+ 9. Qxd3 c6 10. b3 Qd7 11. Bb2 O-O-O 12. O-O-O Be7 13. Kb1 Rhe8 14. a4
h5 15. Ne2 g6 16. Nd4 Nh7 17. a5 a6 18. f4 Bb4 19. Bc3 Bxc3 20. Qxc3 Nf6 21. f3
Kb8 22. b4 Qe7 23. Rhe1 Nd7 24. e4 Qh4 25. exd5 cxd5 26. b5 axb5 27. Nxb5 Qxf4
28. Rxe8 Rxe8 29. Rxd5 Rc8 30. Qa3 Qc4 31. Qb3 Qxb3+ 32. cxb3 Rc5 33. Rxc5 Nxc5
34. Kc2 1/2-1/2

[Event "VL 2017/18"]
[Site "Mecklenburg-Vorpommern"]
[Date "2018.04.08"]
[Round "8.3"]
[White "Tin, Sergey"]
[Black "Roeder, Phillip"]
[Result "1/2-1/2"]
[WhiteElo "2034"]
[BlackElo "1924"]
[PlyCount "101"]
[EventDate "2017.??.??"]
[EventType "team-tourn"]
[EventRounds "9"]
[SourceDate "2017.10.08"]
[WhiteTeam "SSC Rostock 07"]
[BlackTeam "ASV Wismar"]

1. e4 c6 2. d4 d5 3. Nc3 dxe4 4. Nxe4 Nd7 5. Nf3 Ngf6 6. Ng3 e6 7. Bd3 c5 8.
O-O cxd4 9. Nxd4 Nc5 10. Be2 Be7 11. Bf3 O-O 12. Re1 a6 13. c4 Qc7 14. b4 Ncd7
15. Qb3 Ne5 16. Be2 Nc6 17. Nxc6 Qxc6 18. Bb2 a5 19. Bf3 Qc7 20. a3 axb4 21.
axb4 Rxa1 22. Bxa1 b6 23. Ne4 Bb7 24. Nxf6+ Bxf6 25. Bxf6 gxf6 26. Bxb7 Qxb7
27. Qg3+ Kh8 28. Qh4 Qe7 29. Re3 Qd8 30. h3 Rg8 31. Rg3 Rxg3 32. Qxg3 Qd4 33.
Qf3 f5 34. Qc6 Qa1+ 35. Kh2 Qe5+ 36. g3 f4 37. Qa8+ Kg7 38. Qf3 fxg3+ 39. Qxg3+
Kf6 40. f4 Qe2+ 41. Qg2 Qh5 42. Qg4 Qg6 43. Qh4+ Kg7 44. Qg5 f6 45. Qxg6+ hxg6
46. Kg3 Kf7 47. Kf3 Ke7 48. Ke4 Kd6 49. Kd4 Kc6 50. Ke4 Kd6 51. Kd4 1/2-1/2

[Event "VL 2017/18"]
[Site "Mecklenburg-Vorpommern"]
[Date "2018.04.08"]
[Round "8.4"]
[White "Junggebauer, Thomas"]
[Black "Hodl, Ingolf"]
[Result "1-0"]
[WhiteElo "1888"]
[BlackElo "1849"]
[PlyCount "61"]
[EventDate "2017.??.??"]
[EventType "team-tourn"]
[EventRounds "9"]
[SourceDate "2017.10.08"]
[WhiteTeam "ASV Wismar"]
[BlackTeam "SSC Rostock 07"]

1. e4 Nf6 2. Nc3 e5 3. Nf3 Nc6 4. d4 exd4 5. Nxd4 Bb4 6. Nxc6 bxc6 7. Bd3 O-O
8. O-O Re8 9. Qf3 h6 10. h3 d5 11. exd5 cxd5 12. Ne2 Bd7 13. Rd1 Bd6 14. Ng3 c6
15. Bd2 Be5 16. Rab1 Rb8 17. b3 Qc7 18. Re1 Bxg3 19. fxg3 Ne4 20. Bxe4 dxe4 21.
Rxe4 Rxe4 22. Qxe4 Re8 23. Qd4 Bf5 24. Bf4 Qa5 25. Rf1 Re2 26. b4 Qxa2 27. Bxh6
gxh6 28. Rxf5 Qe6 29. Rf6 Re1+ 30. Kh2 c5 31. Rxe6 1-0